The morphological units in solvent-spun cellulosic fibres

Bibliographic Details
Main Authors: Lenz, J. (Author), Schurz, J. (Author)
Format: Article
Language:English
ISBN:8023302426
Subjects:

MARC

LEADER 00000nab a2200000 a 4500
001 vtls000478947
003 SK-MaSNL
005 20260318122006.0
008 120927c1992 xo 0 eng
015 |a SNBRA19rr/mm-uuuuu 
035 |a CL0479082 
040 |a SNKBUCL  |b slo  |c SNKBUCL  |e AACR2 
041 0 |a eng 
044 |a xo  |c SK 
080 |a 677.4.467.001.5:504.06  |2 1981 
080 |a 504.06  |2 1981 
100 1 |a Lenz, J.  |4 aut  |9 1133564 
245 1 4 |a The morphological units in solvent-spun cellulosic fibres  |c J. Lenz, J. Schurz 
650 0 7 |a vlákna celulózové  |2 snkbucl  |9 970620 
650 0 7 |a životné prostredie  |2 snkbucl  |9 786 
655 7 |a články zo zborníkov  |2 snkbucl  |9 166140 
700 1 |a Schurz, J.  |4 aut  |9 1561891 
773 0 |t Chemické vlákna  |d Svit : Výsk. ústav chemických vláken, 1992  |g S. 18-23  |z 8023302426 
850 |a Slovenská národná knižnica v Martine  |a MTA001 
852 |a SNK  |b KIS3GCP 
958 |a RK 
992 |a RZB 
999 |c 3179072  |d 3181002